Độ đo và tích phân

Shranjeno v:
Bibliografske podrobnosti
Glavni avtor: Đậu, Thế Cấp
Format: Knjiga
Izdano: Hà Nội Giáo dục 2009
Teme:
Oznake: Označite
Brez oznak, prvi označite!
Thư viện lưu trữ: Trung tâm Học liệu Lê Vũ Hùng, Trường Đại học Đồng Tháp
LEADER 00801pam a22002298a 4500
001 00043798
005 20190314140323.0
008 170328s1999 ||||||Viesd
020 # # |c 17500 
041 0 # |a Vie 
082 1 4 |a 515  |b Đ450Đ 
100 1 # |a Đậu, Thế Cấp 
245 0 0 |c Đậu Thế Cấp  |a Độ đo và tích phân 
260 # # |a Hà Nội  |b Giáo dục  |c 2009 
300 # # |a 163 tr.  |c 21 cm.  |b hình ảnh 
653 # # |a Toán học 
653 # # |a Tích phân 
653 # # |a Đại số 
653 # # |a Độ đo 
852 # # |j KGT.0056042  |j KGT.0056043  |j KGT.0056044  |j KGT.0056045  |j KGT.0056046  |j KGT.0056047  |j KGT.0056048  |j KGT.0056049  |j KGT.0056050  |j KD.0025447 
910 # # |d 14/3/2019 
980 # # |a Trung tâm Học liệu Lê Vũ Hùng, Trường Đại học Đồng Tháp